000 00650cam a2200181 4500
020 _a0710067747
082 0 0 _a846
_bMAR
_cL-30, P-136
100 1 _aMarana, Giovanni Paolo,
_946013
245 1 0 _aLetters writ by a Turkish spy,
_cby Giovanni P. Marana; selected and edited by Arthur J. Weitzman.
260 _aLondon,
_bRoutledge & K. Paul,
_c1970.
300 _axix, 233 p.
_c23 cm.
500 _aSelections from the original 8 v. collection of letters.
526 _a0
_b0
_c0
_d846_000000000000000_MAR
650 0 _aIntelligence service
_zTurkey
_xFiction.
_946014
650 0 _aMCE
_9379
700 1 _aWeitzman, Arthur J.,
_946015
942 _2ddc
_cBK
999 _c549372
_d549372